| 000 | 00502nam a2200145 a 4500 | ||
|---|---|---|---|
| 001 | 000007221 | ||
| 005 | 20200929154112.0 | ||
| 008 | 090907s1982 dr 000 0 spa d | ||
| 040 |
_aDO-SdBNP _bspa _cBNPHU |
||
| 082 |
_axxxx _bN638g |
||
| 100 | 1 |
_aNicolás Bonilla, José Manuel _920032 |
|
| 245 | 1 | 0 |
_aGeometría analítica plana / _cJosé Manuel Nicolás Bonilla. |
| 260 |
_aSantiago de los Caballeros, República Dominicana : _bUniversidad Católica Madre y Maestra, _c1982. |
||
| 300 |
_a198 p. ; _c22 cm. |
||
| 999 |
_c7002 _d7002 |
||